000 00430nam a2200169Ia 4500
003 LK-CoDNM
008 010623t1921 xxu||||| |||| 00| 1 eng d
040 _aLK-CoDNM
_dLK-CoDNM
_eLK-CoDNM
041 _aeng
080 _a12 Q 12
100 _aHastins,James.
245 _aEncyclopaedia of Religion and Ethics
260 _bT T Clark
_aLondon
_c1921
300 _bxxiv,876p., 28 cm
650 _aSuffering-Zwingli
942 _cBK
999 _c90428
_d90428